MARC

LEADER 00000nam0a2200000 4500
001 91208
005 20231031103936.0
035 |a (RuTPU)RU\TPU\book\97791 
090 |a 91208 
100 |a 20060221d1972 k y0rusy50 ca 
101 0 |a rus 
102 |a RU 
105 |a a z 001zy 
200 1 |a Микроструктуры кремнистых пород. Опыт электронномикроскопического исследования  |f И. В. Хворова, А. Л. Дмитрик  |g Академия наук СССР (АН СССР), Геологический институт (ГИН) ; под ред. А. Г. Косовской 
210 |a Москва  |c Наука  |d 1972 
215 |a 84 с.  |c ил. 
225 1 |a Труды ГИН (Геологического института АН СССР)  |v Вып. 246 
320 |a Библиогр.: с. 48. 
610 1 |a кремнистые породы 
610 1 |a микроструктура 
610 1 |a горные породы 
610 1 |a электронная микроскопия 
610 1 |a исследования 
675 |a 552.55  |v 3 
700 1 |a Хворова  |b И. В. 
701 1 |a Дмитрик  |b А. Л. 
702 1 |a Косовская  |b А. Г.  |4 340 
712 0 2 |a Академия наук СССР (АН СССР)  |b Геологический институт (ГИН)  |c (Москва)  |2 stltpush  |3 (RuTPU)RU\TPU\col\11354 
801 1 |a RU  |b 63413507  |c 20060221  |g PSBO 
801 2 |a RU  |b 63413507  |c 20151112  |g PSBO 
942 |c BK